| 000 | 01571 a2200277 4500 | ||
|---|---|---|---|
| 001 | 42 | ||
| 005 | 20260407155404.0 | ||
| 008 | 260407a1996 arg spa d | ||
| 003 | AR-UNSa-BCEJYS | ||
| 040 |
_aAR-UNSa-BCEJYS _bspa _cAR-UNSa-BCEJYS |
||
| 080 |
_a657 _xContabilidad |
||
| 245 | 1 | 0 | _aContabilidad, presente y futuro |
| 020 | _a978-950-537-377-2 | ||
| 250 | _a1a. ed. | ||
| 264 | 1 |
_aBuenos Aires : _bEdiciones Macchi _c1996 |
|
| 300 |
_a720 p. _c22 cm. |
||
| 505 | _a1. Objetivos de la contabilidad y concepto de estados contables - 2. Temas esenciales. Los modelos contables - 3. Patrimonio neto - 4. Resultados - 5.Caja y bancos - 6. Cuentas a cobrar (Créditos) - 7. Inversiones - 8. Bienes de cambio y costos de los productos vendidos - 9. Bienes de uso (propiedad, planta y equipo) - 10. Activos intangibles - 11. Compromisos ciertos - 12. Contingencias - 13. Estado de situación patrimonial (Balance general) - 14. Estado de resultados - 15. Estado de evolución del patrimonio neto - 16. Estado de origen y aplicación de fondos - 17. Información complementaria e informes sobre estados contables - 18. Doctrina contable: evolución hasta el presente - 19. La medición del capital a mantener | ||
| 041 | _aspa | ||
| 942 | _cBK | ||
| 590 | _aniveau_biblio:m niveau_hierar:0 | ||
| 100 | 1 | _aPahlen Acuña, Ricardo Jose María | |
| 700 | 1 | _aChaves, Osvaldo Argentino | |
| 700 | 1 | _aFronti de García, Luisa | |
| 700 | 1 | _aViegas, Juan Carlos | |
| 856 | 4 | 1 |
_uhttps://www.biblioeco.unsa.edu.ar/pmb/images/libros/L128231.jpg _yImagen de portada _qimage/jpeg |
| 999 |
_c34 _d34 |
||